Statistiques concernant Les pays d'Europe les plus occidentaux

Cliquez ici pour prendre le quiz!

Statistiques générales

  • Ce quiz a été pris 7 948 fois
  • Le résultat moyen est 9 sur 10

Statistiques - réponses

LongitudePays% Correct
5°08' WFrance
100%
9°18' WEspagne
99%
9°50' WPortugal
99%
8°10' WRoyaume-Uni
98%
10°28' WIrlande
97%
24°32' WIslande
97%
2°35' EBelgique
96%
3°21'EPays-Bas
91%
1°24' EAndorre
88%
9°04' WNorvège
81%

Distribution des résultats

Percentile par nombre de réponses

% des personnes avec chaque résultat

Votre développement - résultats

Vous n’avez pas pris ce quiz